[Event "42. Open Ciutat de Badalona 2016 - B"]
[Site "Badalona ESP"]
[Date "2016.08.06"]
[Round "5.3"]
[White "Gonzalez Pabollet, Jesus Maria"]
[Black "Cano Sevila, Ivan"]
[Result "0-1"]
[WhiteElo "1872"]
[BlackElo "1890"]
[PlyCount "126"]
[EventDate "2016.08.02"]
[EventType "swiss"]
[EventRounds "9"]
[EventCountry "ESP"]
[SourceTitle "Ajedrez en Madrid"]
[Source "lmi"]
[SourceDate "2016.08.02"]
[SourceVersion "1"]
[SourceVersionDate "2018.07.18"]
[SourceQuality "1"]

1. d4 Nf6 2. Nf3 d5 3. e3 Bf5 4. c4 e6 5. Nc3 c6 6. Bd3 Bg6 7. Bxg6 hxg6 8. Qe2
Bb4 9. Bd2 Nbd7 10. a3 Bxc3 11. Bxc3 Ne4 12. Qd3 g5 13. Nd2 Ndf6 14. Nxe4 Nxe4
15. Ke2 g4 16. f3 gxf3+ 17. gxf3 Nd6 18. cxd5 exd5 19. Rag1 g6 20. Rg4 Qd7 21.
Kd1 O-O-O 22. Kc1 Rh3 23. Rg3 Rdh8 24. Rxh3 Qxh3 25. Qe2 Nf5 26. Rf1 Qxh2 27.
Rf2 Qg1+ 28. Kc2 Rh1 29. e4 Ng3 30. Qd2 Nf1 31. Qe2 Qxf2 32. Qxf2 Rh2 33. Be1
Rxf2+ 34. Bxf2 Nh2 35. exd5 cxd5 36. f4 Kc7 37. Kd3 Ng4 38. Bh4 a6 39. b3 Nh6
40. Be7 Nf5 41. Bf6 Ng3 42. Bg5 Ne4 43. Bh4 f6 44. Be1 g5 45. fxg5 fxg5 46. Ke3
Kd6 47. Kf3 Ke6 48. Kg4 Kf6 49. Ba5 Kg6 50. Bd8 Nf6+ 51. Kf3 Kf5 52. Bc7 g4+
53. Kg2 Ke4 54. Be5 Nh5 55. a4 Nf4+ 56. Kg3 Ne2+ 57. Kxg4 Nxd4 58. Bc7 Nc6 59.
Bf4 d4 60. Bc1 Kd3 61. Kf3 Kc2 62. Bf4 d3 63. Be3 d2 0-1

[Event "42. Open Ciutat de Badalona 2016 - B"]
[Site "Badalona ESP"]
[Date "2016.08.06"]
[Round "5.4"]
[White "Petit Montes, Marc"]
[Black "Flores Mendoza, Jose Antonio"]
[Result "1-0"]
[WhiteElo "1770"]
[BlackElo "1881"]
[PlyCount "69"]
[EventDate "2016.08.02"]
[EventType "swiss"]
[EventRounds "9"]
[EventCountry "ESP"]
[SourceTitle "Ajedrez en Madrid"]
[Source "lmi"]
[SourceDate "2016.08.02"]
[SourceVersion "1"]
[SourceVersionDate "2018.07.18"]
[SourceQuality "1"]

1. d4 d5 2. c4 e6 3. Nc3 c6 4. Nf3 f5 5. e3 Nf6 6. Be2 Bd6 7. Ne5 O-O 8. O-O
Nbd7 9. f4 Ne4 10. cxd5 exd5 11. Nxe4 fxe4 12. Bd2 Qb6 13. b3 c5 14. Bc3 cxd4
15. Bxd4 Bc5 16. Nxd7 Bxd7 17. Bxc5 Qxc5 18. Qd2 Be6 19. Rac1 Qb6 20. g3 Rfd8
21. Kg2 d4 22. exd4 Rxd4 23. Qe3 Rad8 24. Rfd1 Qd6 25. Rxd4 Qxd4 26. Qxd4 Rxd4
27. Rd1 Rxd1 28. Bxd1 Kf7 29. Kf2 Kf6 30. Ke3 Bd5 31. g4 g5 32. Bc2 h5 33.
fxg5+ Kxg5 34. gxh5 Kf5 35. h6 1-0

[Event "42. Open Ciutat de Badalona 2016 - B"]
[Site "Badalona ESP"]
[Date "2016.08.06"]
[Round "5.5"]
[White "Corrales Adamuz, Cristian"]
[Black "Andreu Termes, Frederic"]
[Result "1-0"]
[WhiteElo "1878"]
[BlackElo "1851"]
[PlyCount "111"]
[EventDate "2016.08.02"]
[EventType "swiss"]
[EventRounds "9"]
[EventCountry "ESP"]
[SourceTitle "Ajedrez en Madrid"]
[Source "lmi"]
[SourceDate "2016.08.02"]
[SourceVersion "1"]
[SourceVersionDate "2018.07.18"]
[SourceQuality "1"]

1. c4 e5 2. Nc3 Nc6 3. g3 g6 4. Bg2 Bg7 5. e3 Nge7 6. Nge2 d6 7. O-O O-O 8. a3
Be6 9. d3 Qd7 10. Re1 d5 11. d4 exd4 12. exd4 Rad8 13. c5 Nf5 14. Be3 Nxe3 15.
fxe3 Bh6 16. Nf4 Ne7 17. Qb3 c6 18. Rad1 Bg4 19. Rd2 Bg7 20. Kh1 g5 21. Nd3 Nf5
22. Nf2 Nh6 23. e4 Rde8 24. h3 Bh5 25. Rf1 dxe4 26. Ncxe4 Bg6 27. d5 Bxe4 28.
Nxe4 Rxe4 29. Bxe4 Qxh3+ 30. Kg1 cxd5 31. Bg2 Qg4 32. Qf3 Bd4+ 33. Kh1 Qxf3 34.
Rxf3 Bxc5 35. Rxd5 b6 36. Rxg5+ Kh8 37. b4 Be7 38. Rh5 Kg7 39. Bh3 f6 40. Rd5
Rd8 41. Rfd3 Rxd5 42. Rxd5 a5 43. bxa5 bxa5 44. Rxa5 Nf7 45. Ra7 Kf8 46. a4 Ng5
47. Bg2 Ne6 48. Ra8+ Kg7 49. Rc8 Nc5 50. a5 h5 51. Rc7 Kf8 52. Bb7 Bd6 53. Rc8+
Ke7 54. Rg8 Kd7 55. Rg7+ Be7 56. a6 1-0

[Event "42. Open Ciutat de Badalona 2016 - B"]
[Site "Badalona ESP"]
[Date "2016.08.06"]
[Round "5.6"]
[White "Alonso Gomez, Raul"]
[Black "Colom Andres, Xavier"]
[Result "0-1"]
[WhiteElo "1876"]
[BlackElo "1790"]
[PlyCount "46"]
[EventDate "2016.08.02"]
[EventType "swiss"]
[EventRounds "9"]
[EventCountry "ESP"]
[SourceTitle "Ajedrez en Madrid"]
[Source "lmi"]
[SourceDate "2016.08.02"]
[SourceVersion "1"]
[SourceVersionDate "2018.07.18"]
[SourceQuality "1"]

1. g3 d5 2. f4 Nf6 3. Bg2 c5 4. Nf3 Nc6 5. d3 Bg4 6. Nbd2 Qc7 7. c3 e5 8. fxe5
Nxe5 9. O-O Bd6 10. Qc2 O-O 11. Nxe5 Bxe5 12. Nf3 Bd6 13. Bg5 Nd7 14. Rae1 h6
15. Bc1 Rae8 16. Nh4 c4 17. Bxd5 Qc5+ 18. d4 Qxd5 19. e4 Qc6 20. e5 Be7 21. Nf5
Bg5 22. Nd6 Bh3 23. Rf2 Qxd6 0-1

[Event "42. Open Ciutat de Badalona 2016 - B"]
[Site "Badalona ESP"]
[Date "2016.08.06"]
[Round "5.7"]
[White "Romeu Perulles, Jaume"]
[Black "Vinas Serrano, Jordi"]
[Result "1/2-1/2"]
[WhiteElo "1937"]
[BlackElo "1835"]
[PlyCount "55"]
[EventDate "2016.08.02"]
[EventType "swiss"]
[EventRounds "9"]
[EventCountry "ESP"]
[SourceTitle "Ajedrez en Madrid"]
[Source "lmi"]
[SourceDate "2016.08.02"]
[SourceVersion "1"]
[SourceVersionDate "2018.07.18"]
[SourceQuality "1"]

1. e4 e6 2. d4 d5 3. e5 c5 4. c3 Nc6 5. Qg4 cxd4 6. Nf3 dxc3 7. bxc3 h5 8. Qf4
Nh6 9. Bd3 Be7 10. O-O O-O 11. Qg3 h4 12. Qh3 Nf5 13. g4 hxg3 14. hxg3 g6 15.
g4 Nh4 16. Nbd2 Kg7 17. Nxh4 Bxh4 18. f4 Rh8 19. Qf3 Be7 20. Nb3 Rh4 21. Be3
Qh8 22. Qg2 Bd7 23. Bf2 Rh3 24. Bg3 Qh7 25. f5 Bg5 26. f6+ Kf8 27. Rf3 Ke8 28.
Rd1 1/2-1/2

[Event "42. Open Ciutat de Badalona 2016 - B"]
[Site "Badalona ESP"]
[Date "2016.08.06"]
[Round "5.8"]
[White "Ruiz Molina, Gabriel"]
[Black "Rius Soler, Benjami"]
[Result "1-0"]
[WhiteElo "1929"]
[BlackElo "1745"]
[PlyCount "73"]
[EventDate "2016.08.02"]
[EventType "swiss"]
[EventRounds "9"]
[EventCountry "ESP"]
[SourceTitle "Ajedrez en Madrid"]
[Source "lmi"]
[SourceDate "2016.08.02"]
[SourceVersion "1"]
[SourceVersionDate "2018.07.18"]
[SourceQuality "1"]

1. d4 e6 2. c4 d5 3. Nc3 f5 4. g3 c6 5. Bg2 Bd6 6. Nf3 Ne7 7. O-O O-O 8. c5 Bc7
9. b4 Nd7 10. Rb1 Ng6 11. e3 e5 12. dxe5 Ngxe5 13. Nd4 Nf6 14. Bb2 Qe8 15. Nce2
Bd7 16. Qc2 g6 17. Rbd1 Nc4 18. Bc1 Qe7 19. Nf4 Rae8 20. Nd3 a6 21. Nb2 Nxb2
22. Bxb2 Ng4 23. a4 Ne5 24. Qc3 Nc4 25. Ba1 Be5 26. Qc2 Bg7 27. Rfe1 Qf7 28. b5
axb5 29. axb5 Ra8 30. Bc3 Ra7 31. b6 Ra6 32. Ra1 Rfa8 33. Rxa6 Rxa6 34. Ra1
Rxa1+ 35. Bxa1 Qe8 36. Bf1 Qe4 37. Bd3 1-0

[Event "42. Open Ciutat de Badalona 2016 - B"]
[Site "Badalona ESP"]
[Date "2016.08.06"]
[Round "5.9"]
[White "Alcaraz Lopez, Francesc"]
[Black "Palacios Pena, Gerardo"]
[Result "0-1"]
[WhiteElo "1852"]
[BlackElo "1900"]
[PlyCount "84"]
[EventDate "2016.08.02"]
[EventType "swiss"]
[EventRounds "9"]
[EventCountry "ESP"]
[SourceTitle "Ajedrez en Madrid"]
[Source "lmi"]
[SourceDate "2016.08.02"]
[SourceVersion "1"]
[SourceVersionDate "2018.07.18"]
[SourceQuality "1"]

1. c4 c5 2. Nc3 Nc6 3. Nf3 g6 4. g3 Bg7 5. Bg2 e6 6. O-O Nge7 7. e3 O-O 8. d4
cxd4 9. exd4 d5 10. cxd5 Nxd5 11. Be3 b6 12. Nxd5 exd5 13. Rc1 Bb7 14. Qd2 Qd7
15. Bh6 Rac8 16. Bxg7 Kxg7 17. Ne5 Nxe5 18. dxe5 Rfd8 19. Qd4 Kg8 20. h4 Rxc1
21. Rxc1 Rc8 22. Rxc8+ Qxc8 23. Bxd5 Qd7 24. Bxf7+ Qxf7 25. Qd6 Qd5 26. Qb8+
Kf7 27. f3 Qxf3 28. Qc7+ Kg8 29. Qd8+ Kg7 30. Qe7+ Qf7 31. Qd6 Bd5 32. a3 Qf3
33. Qe7+ Bf7 34. Kh2 h5 35. Qxa7 Qf2+ 36. Kh3 Kh6 37. Qe7 Qf5+ 38. Kh2 Be6 39.
Kg1 Qb1+ 40. Kf2 Qxb2+ 41. Ke3 Qxe5+ 42. Kf2 Qc5+ 0-1

[Event "42. Open Ciutat de Badalona 2016 - B"]
[Site "Badalona ESP"]
[Date "2016.08.06"]
[Round "5.10"]
[White "Valarezzo Ricard, Pedro"]
[Black "Ritter Aguilar, Jordi"]
[Result "1-0"]
[WhiteElo "1839"]
[BlackElo "1896"]
[PlyCount "69"]
[EventDate "2016.08.02"]
[EventType "swiss"]
[EventRounds "9"]
[EventCountry "ESP"]
[SourceTitle "Ajedrez en Madrid"]
[Source "lmi"]
[SourceDate "2016.08.02"]
[SourceVersion "1"]
[SourceVersionDate "2018.07.18"]
[SourceQuality "1"]

1. d4 c5 2. c3 cxd4 3. cxd4 Nf6 4. Nf3 e6 5. Nc3 d5 6. a3 Nc6 7. Bg5 h6 8. Bf4
g5 9. Bc1 g4 10. Ne5 Bg7 11. Qa4 Bd7 12. Nxd7 Qxd7 13. e3 O-O 14. Be2 h5 15.
O-O Ne8 16. Bd2 f5 17. f3 Qe7 18. fxg4 hxg4 19. g3 Nd6 20. Rac1 Qg5 21. Rc2 Qh5
22. Bd3 a6 23. Ne2 e5 24. dxe5 Nxe5 25. Nf4 Qf7 26. Be2 b5 27. Qb3 Ndc4 28. Bb4
Rfe8 29. Bc5 Nc6 30. Rd1 Rad8 31. Kf2 Be5 32. Nxd5 Rxd5 33. Rxd5 Qxd5 34. Rxc4
Na5 35. Rxg4+ 1-0

[Event "42. Open Ciutat de Badalona 2016 - B"]
[Site "Badalona ESP"]
[Date "2016.08.07"]
[Round "6.1"]
[White "Martinez Perez, Pablo"]
[Black "Delgado Camara, Lluis Felix"]
[Result "1-0"]
[WhiteElo "1799"]
[BlackElo "1792"]
[PlyCount "56"]
[EventDate "2016.08.02"]
[EventType "swiss"]
[EventRounds "9"]
[EventCountry "ESP"]
[SourceTitle "Ajedrez en Madrid"]
[Source "lmi"]
[SourceDate "2016.08.02"]
[SourceVersion "1"]
[SourceVersionDate "2018.07.18"]
[SourceQuality "1"]

1. e4 e6 2. d4 d5 3. Nd2 Nf6 4. e5 Nfd7 5. f4 c5 6. Ngf3 Nc6 7. Nb3 cxd4 8.
Nbxd4 Nc5 9. c3 Be7 10. Be2 O-O 11. O-O f6 12. exf6 Bxf6 13. Re1 Ne4 14. Bd3
Nc5 15. Bc2 a5 16. a4 g6 17. Be3 Ne4 18. Nxc6 bxc6 19. Ne5 Qc7 20. Bxe4 dxe4
21. Qd4 Rb8 22. b4 Rd8 23. Qxe4 Rd5 24. Bc5 axb4 25. cxb4 Ba6 26. Rad1 Rbd8 27.
Rxd5 Rxd5 28. Nxg6 Qf7 1-0

[Event "42. Open Ciutat de Badalona 2016 - B"]
[Site "Badalona ESP"]
[Date "2016.08.07"]
[Round "6.2"]
[White "Cano Sevila, Ivan"]
[Black "Petit Montes, Marc"]
[Result "0-1"]
[WhiteElo "1890"]
[BlackElo "1770"]
[PlyCount "86"]
[EventDate "2016.08.02"]
[EventType "swiss"]
[EventRounds "9"]
[EventCountry "ESP"]
[SourceTitle "Ajedrez en Madrid"]
[Source "lmi"]
[SourceDate "2016.08.02"]
[SourceVersion "1"]
[SourceVersionDate "2018.07.18"]
[SourceQuality "1"]

1. d4 d5 2. Nf3 Nf6 3. Bf4 c5 4. e3 cxd4 5. exd4 Bf5 6. c3 e6 7. Nbd2 Nc6 8.
Be2 Bd6 9. Ne5 Qc7 10. Bb5 Nd7 11. Qa4 Ndxe5 12. dxe5 Bxe5 13. Bxc6+ bxc6 14.
Be3 O-O 15. Nf3 Bf6 16. Bc5 Rfb8 17. Ba3 c5 18. O-O Rd8 19. Rac1 Rac8 20. Rfd1
c4 21. h3 Be7 22. Bxe7 Qxe7 23. Nd4 Bg6 24. b3 Qb7 25. Nf3 h6 26. bxc4 Rxc4 27.
Qxc4 dxc4 28. Rxd8+ Kh7 29. Rd2 Be4 30. Ne1 g5 31. Rcd1 Bd5 32. f3 Qb6+ 33. Kh1
Qe3 34. Rc2 Bc6 35. Rcc1 Ba4 36. Nc2 Qxc3 37. Ne1 Qa3 38. Nc2 Qxa2 39. Rd2 Qb2
40. Re1 Bxc2 41. Ree2 Qb1+ 42. Kh2 Bd3 43. Rb2 Qc1 0-1

[Event "42. Open Ciutat de Badalona 2016 - B"]
[Site "Badalona ESP"]
[Date "2016.08.07"]
[Round "6.3"]
[White "Colom Andres, Xavier"]
[Black "Corrales Adamuz, Cristian"]
[Result "1-0"]
[WhiteElo "1790"]
[BlackElo "1878"]
[PlyCount "58"]
[EventDate "2016.08.02"]
[EventType "swiss"]
[EventRounds "9"]
[EventCountry "ESP"]
[SourceTitle "Ajedrez en Madrid"]
[Source "lmi"]
[SourceDate "2016.08.02"]
[SourceVersion "1"]
[SourceVersionDate "2018.07.18"]
[SourceQuality "1"]

1. d4 d5 2. c4 dxc4 3. Nf3 Nf6 4. Nc3 e6 5. Bg5 Be7 6. e3 a6 7. Bxc4 b5 8. Bd3
Bb7 9. O-O O-O 10. Qc2 Bxf3 11. gxf3 h6 12. Bf4 Nbd7 13. Rfe1 Bd6 14. Be5 Qe7
15. f4 Rac8 16. a4 b4 17. Ne4 Nxe4 18. Bxe4 f6 19. Bxd6 cxd6 20. Qe2 d5 21. Bd3
a5 22. Rac1 Nb6 23. b3 e5 24. Bf5 Rxc1 25. Rxc1 Qe8 26. Qg4 h5 27. Qg2 exf4 28.
Rc7 g5 29. Qf3 fxe3 1-0

[Event "42. Open Ciutat de Badalona 2016 - B"]
[Site "Badalona ESP"]
[Date "2016.08.07"]
[Round "6.4"]
[White "Valarezzo Ricard, Pedro"]
[Black "Ruiz Molina, Gabriel"]
[Result "1-0"]
[WhiteElo "1839"]
[BlackElo "1929"]
[PlyCount "72"]
[EventDate "2016.08.02"]
[EventType "swiss"]
[EventRounds "9"]
[EventCountry "ESP"]
[SourceTitle "Ajedrez en Madrid"]
[Source "lmi"]
[SourceDate "2016.08.02"]
[SourceVersion "1"]
[SourceVersionDate "2018.07.18"]
[SourceQuality "1"]

1. d4 Nf6 2. Nf3 e6 3. Bg5 d5 4. Nbd2 Be7 5. h3 O-O 6. e3 Nbd7 7. Bd3 b6 8. Ne5
Nxe5 9. dxe5 Nd7 10. Bf4 Nc5 11. Bb5 Bd7 12. Be2 f6 13. O-O fxe5 14. Bxe5 Bf6
15. Nf3 Ne4 16. Bd3 Nc5 17. Be2 Bc6 18. Qd4 Bb7 19. Bxf6 Rxf6 20. Rad1 Ne4 21.
Qe5 Qe7 22. c4 Rf5 23. Qh2 c5 24. Ne5 Raf8 25. f3 Nd6 26. g4 R5f6 27. g5 Rf5
28. f4 Nxc4 29. Bxc4 dxc4 30. Rd7 Rxg5+ 31. fxg5 Qxg5+ 32. Ng4 Rxf1+ 33. Kxf1
Qf5+ 34. Ke1 Qb1+ 35. Rd1 Qe4 36. Qb8+ Kf7 1-0

[Event "42. Open Ciutat de Badalona 2016 - B"]
[Site "Badalona ESP"]
[Date "2016.08.07"]
[Round "6.5"]
[White "Palacios Pena, Gerardo"]
[Black "Bru Rullo, Samuel"]
[Result "1-0"]
[WhiteElo "1900"]
[BlackElo "1803"]
[PlyCount "125"]
[EventDate "2016.08.02"]
[EventType "swiss"]
[EventRounds "9"]
[EventCountry "ESP"]
[SourceTitle "Ajedrez en Madrid"]
[Source "lmi"]
[SourceDate "2016.08.02"]
[SourceVersion "1"]
[SourceVersionDate "2018.07.18"]
[SourceQuality "1"]

1. d4 d5 2. Nf3 Nf6 3. c4 e6 4. Nc3 c6 5. e3 Nbd7 6. Bd3 Bd6 7. O-O O-O 8. e4
dxc4 9. Bxc4 e5 10. d5 Nb6 11. Bb3 cxd5 12. exd5 e4 13. Nd4 Bg4 14. f3 Bh5 15.
Bg5 Re8 16. Kh1 h6 17. Bh4 Nbd7 18. Qd2 exf3 19. Nxf3 Qb6 20. Bf2 Qb4 21. Bd4
Be5 22. Rad1 Bxd4 23. Qxd4 Qxd4 24. Rxd4 Bxf3 25. gxf3 Nc5 26. Bc2 Rad8 27.
Rfd1 a6 28. Kg2 b5 29. a3 Nb7 30. Ne4 Nd7 31. Kf2 Ne5 32. b4 Nc4 33. Bb3 Nbd6
34. Nxd6 Nxd6 35. a4 Rc8 36. axb5 axb5 37. R4d3 Kf8 38. Ra1 Ra8 39. Rdd1 Rec8
40. Ke2 Ke7 41. Kd3 Nf5 42. Rdc1 Rxc1 43. Rxa8 Rc7 44. Ra5 Nd6 45. Ba2 Kd7 46.
Bb3 Kc8 47. Ra6 Kd7 48. Ra8 Ke7 49. Ra5 Rb7 50. Ra6 Rc7 51. Rc6 Rxc6 52. dxc6
Nc8 53. Kd4 Kd6 54. Bxf7 Kxc6 55. Be8+ Kb6 56. Kd5 Ne7+ 57. Ke6 Nc8 58. f4 Kc7
59. Bxb5 Nd6 60. Bd3 g5 61. f5 h5 62. f6 g4 63. Be2 1-0

[Event "42. Open Ciutat de Badalona 2016 - B"]
[Site "Badalona ESP"]
[Date "2016.08.07"]
[Round "6.6"]
[White "Flores Linan, Jose Luis"]
[Black "Fernandez Egea, Andres"]
[Result "0-1"]
[WhiteElo "1824"]
[BlackElo "1885"]
[PlyCount "88"]
[EventDate "2016.08.02"]
[EventType "swiss"]
[EventRounds "9"]
[EventCountry "ESP"]
[SourceTitle "Ajedrez en Madrid"]
[Source "lmi"]
[SourceDate "2016.08.02"]
[SourceVersion "1"]
[SourceVersionDate "2018.07.18"]
[SourceQuality "1"]

1. d4 Nf6 2. c4 c5 3. d5 b5 4. cxb5 a6 5. b6 Qxb6 6. Nc3 g6 7. e4 d6 8. Nf3
Nbd7 9. Be2 Bg7 10. O-O O-O 11. a4 a5 12. Bb5 Ba6 13. Nd2 Bxb5 14. Nxb5 Ne5 15.
Qc2 Nfd7 16. Ra3 Rfc8 17. b3 c4 18. Nxc4 Nxc4 19. bxc4 Qc5 20. Bg5 Rab8 21. Ra2
f6 22. Be3 Qxc4 23. Rc1 Qb4 24. Qd1 Qxe4 25. Rac2 Rxc2 26. Rxc2 f5 27. Rc7 Nf6
28. Ba7 Re8 29. f3 Qxd5 30. Qe1 e5 31. Nc3 Qd3 32. Nb5 e4 33. Rc3 Qd5 34. Nc7
Qb7 35. Bd4 Re7 36. Qc1 Nd5 37. Nxd5 Bxd4+ 38. Ne3 Bxc3 39. Qxc3 exf3 40. Qc4+
Kf8 41. Qd4 Kg8 42. Nd5 Re5 43. Nf6+ Kg7 44. Ne8+ Kf8 0-1

[Event "42. Open Ciutat de Badalona 2016 - B"]
[Site "Badalona ESP"]
[Date "2016.08.07"]
[Round "6.7"]
[White "Romeu Perulles, Jaume"]
[Black "Martinez Hernandez, Emili"]
[Result "1-0"]
[WhiteElo "1937"]
[BlackElo "1789"]
[PlyCount "81"]
[EventDate "2016.08.02"]
[EventType "swiss"]
[EventRounds "9"]
[EventCountry "ESP"]
[SourceTitle "Ajedrez en Madrid"]
[Source "lmi"]
[SourceDate "2016.08.02"]
[SourceVersion "1"]
[SourceVersionDate "2018.07.18"]
[SourceQuality "1"]

1. e4 e6 2. d4 d5 3. e5 c5 4. c3 Nc6 5. Qg4 Qb6 6. Nf3 Nge7 7. Bd3 cxd4 8. O-O
dxc3 9. bxc3 Ng6 10. Re1 Qc7 11. Qg3 Nce7 12. h4 f6 13. Bf4 Nxf4 14. Qxf4 Ng6
15. Bxg6+ hxg6 16. Qg4 Kf7 17. Nbd2 Be7 18. Rac1 Qd8 19. Qf4 f5 20. g4 Bxh4 21.
g5 Rh5 22. Nxh4 Rxg5+ 23. Ng2 Rg4 24. Qh2 Rg5 25. Re3 Rh5 26. Rh3 Qg5 27. f4
Qg4 28. Rxh5 gxh5 29. Rf1 Bd7 30. Rf3 Bc6 31. Rg3 Qe2 32. Nf3 Bb5 33. Qxh5+ Kg8
34. Qh6 Qd1+ 35. Kh2 Kf8 36. Qxg7+ Ke8 37. Qg8+ Kd7 38. Rg7+ Kc6 39. Qxe6+ Kc5
40. Qd6+ Kc4 41. Ne3+ 1-0

[Event "42. Open Ciutat de Badalona 2016 - B"]
[Site "Badalona ESP"]
[Date "2016.08.07"]
[Round "6.8"]
[White "Andreu Termes, Frederic"]
[Black "Daimiel Bescos, Eleuterio"]
[Result "1/2-1/2"]
[WhiteElo "1851"]
[BlackElo "1927"]
[PlyCount "87"]
[EventDate "2016.08.02"]
[EventType "swiss"]
[EventRounds "9"]
[EventCountry "ESP"]
[SourceTitle "Ajedrez en Madrid"]
[Source "lmi"]
[SourceDate "2016.08.02"]
[SourceVersion "1"]
[SourceVersionDate "2018.07.18"]
[SourceQuality "1"]

1. c4 e5 2. g3 c6 3. Bg2 d5 4. cxd5 cxd5 5. d3 Nc6 6. Nf3 Bd6 7. Qb3 Nge7 8.
Na3 O-O 9. O-O a6 10. Bd2 b5 11. Nc2 Be6 12. Ng5 Qd7 13. Nxe6 fxe6 14. Nb4 Nd4
15. Qd1 Rfc8 16. e3 Ndf5 17. a3 a5 18. Na2 Rc5 19. Bxa5 Rxa5 20. b4 Rxa3 21.
bxc5 Bxc5 22. Qc1 Qa7 23. Nc3 b4 24. Rxa3 Qxa3 25. Qxa3 bxa3 26. Nb5 Nd6 27.
Nc3 Bb4 28. Na2 Bc5 29. Rb1 Kf7 30. Rc1 Nb7 31. Rc3 Nc6 32. Bf3 Ke7 33. Bd1 Kd6
34. Bb3 d4 35. exd4 Nxd4 36. Bd1 Na5 37. Kf1 Nac6 38. Ba4 Na5 39. h4 Kd5 40.
Ke1 Nf3+ 41. Ke2 Nd4+ 42. Kd2 Nf3+ 43. Ke2 Nd4+ 44. Kd1 1/2-1/2

[Event "42. Open Ciutat de Badalona 2016 - B"]
[Site "Badalona ESP"]
[Date "2016.08.07"]
[Round "6.9"]
[White "Terrones Hernandez, Jonathan"]
[Black "Casset Bello, Elena"]
[Result "1/2-1/2"]
[WhiteElo "1845"]
[BlackElo "1926"]
[PlyCount "149"]
[EventDate "2016.08.02"]
[EventType "swiss"]
[EventRounds "9"]
[EventCountry "ESP"]
[SourceTitle "Ajedrez en Madrid"]
[Source "lmi"]
[SourceDate "2016.08.02"]
[SourceVersion "1"]
[SourceVersionDate "2018.07.18"]
[SourceQuality "1"]

1. d4 d5 2. Nf3 Nf6 3. e3 c5 4. b3 Nc6 5. Bb2 Bg4 6. Be2 e6 7. O-O cxd4 8. Nxd4
Bxe2 9. Qxe2 Bd6 10. Nd2 Nxd4 11. Bxd4 O-O 12. c4 b6 13. cxd5 Nxd5 14. Nc4 Qe7
15. Nxd6 Qxd6 16. Rfd1 Qe7 17. Rac1 Qb7 18. Qg4 f5 19. Qg3 Rac8 20. Qe5 Qf7 21.
Bb2 Qf6 22. Qxd5 Rxc1 23. Bxf6 exd5 24. Rxc1 Rxf6 25. Kf1 Re6 26. Rc7 a5 27.
Rd7 Rf6 28. Rxd5 Kf7 29. Ke2 Ke6 30. Rb5 Kd7 31. a4 Kc6 32. Re5 Kd6 33. f4 Kc6
34. Re7 Rg6 35. g3 Kd6 36. Rb7 Kc5 37. Rf7 Kb4 38. Rxf5 Kxb3 39. Rd5 Kxa4 40.
e4 Kb3 41. Kd3 a4 42. Rb5+ Ka2 43. e5 a3 44. f5 Rc6 45. e6 Rd6+ 46. Ke3 Rd1 47.
Ke2 Rb1 48. Rxb1 Kxb1 49. e7 a2 50. e8=Q a1=Q 51. Qe4+ Ka2 52. Qd5+ Ka3 53.
Qd6+ Kb3 54. Qxb6+ Kc4 55. Qe6+ Kb5 56. Qd5+ Kb6 57. Qd6+ Kb7 58. Ke3 Qg1+ 59.
Ke4 Qg2+ 60. Ke5 Qe2+ 61. Kd5 Qf3+ 62. Ke6 Qe2+ 63. Qe5 Qxh2 64. Qxg7+ Kb6 65.
f6 Qa2+ 66. Ke7 Qa7+ 67. Kf8 Qa8+ 68. Kf7 Qa2+ 69. Kf8 Qa8+ 70. Ke7 Qa7+ 71.
Ke6 Qa2+ 72. Kf5 Qf2+ 73. Kg4 Qe2+ 74. Kg5 Qd2+ 75. Kh5 1/2-1/2

[Event "42. Open Ciutat de Badalona 2016 - B"]
[Site "Badalona ESP"]
[Date "2016.08.07"]
[Round "6.10"]
[White "Vinas Serrano, Jordi"]
[Black "Saiz Rodrigo, Fernando"]
[Result "1/2-1/2"]
[WhiteElo "1835"]
[BlackElo "1891"]
[PlyCount "34"]
[EventDate "2016.08.02"]
[EventType "swiss"]
[EventRounds "9"]
[EventCountry "ESP"]
[SourceTitle "Ajedrez en Madrid"]
[Source "lmi"]
[SourceDate "2016.08.02"]
[SourceVersion "1"]
[SourceVersionDate "2018.07.18"]
[SourceQuality "1"]

1. d4 d5 2. Nf3 Nf6 3. g3 g6 4. Bg2 Bg7 5. O-O O-O 6. c4 c6 7. Nbd2 Nbd7 8. b3
e6 9. Bb2 b6 10. Qc2 Bb7 11. Rfd1 Rc8 12. Rac1 Qe7 13. e4 dxe4 14. Nxe4 c5 15.
Nxf6+ Nxf6 16. Ba3 Nd7 17. dxc5 Nxc5 1/2-1/2

[Event "42. Open Ciutat de Badalona 2016 - B"]
[Site "Badalona ESP"]
[Date "2016.08.08"]
[Round "7.1"]
[White "Petit Montes, Marc"]
[Black "Martinez Perez, Pablo"]
[Result "1-0"]
[WhiteElo "1770"]
[BlackElo "1799"]
[PlyCount "75"]
[EventDate "2016.08.02"]
[EventType "swiss"]
[EventRounds "9"]
[EventCountry "ESP"]
[SourceTitle "Ajedrez en Madrid"]
[Source "lmi"]
[SourceDate "2016.08.02"]
[SourceVersion "1"]
[SourceVersionDate "2018.07.18"]
[SourceQuality "1"]

1. d4 Nf6 2. Bg5 e6 3. e4 h6 4. Bxf6 Qxf6 5. c3 d6 6. Bd3 e5 7. Ne2 g6 8. O-O
Bg7 9. f4 exd4 10. cxd4 Bg4 11. Qa4+ Nd7 12. Nbc3 O-O 13. e5 dxe5 14. fxe5 Qg5
15. Nf4 Nb6 16. Qb3 Rad8 17. Ne4 Be6 18. Nxe6 Qe3+ 19. Kh1 fxe6 20. Qxe6+ Kh8
21. Nc5 Rxf1+ 22. Rxf1 Rf8 23. Qxg6 Rxf1+ 24. Bxf1 Qc1 25. Qe8+ Kh7 26. Qb5 Nd5
27. Qd3+ Kh8 28. Nb3 Qxb2 29. h3 Qxa2 30. Qf3 a5 31. Qxd5 Qb1 32. Nd2 Qa1 33.
Kh2 Qc3 34. Bc4 Kh7 35. Qg8+ Kg6 36. Bf7+ Kf5 37. Qh7+ Kf4 38. Qe4+ 1-0

[Event "42. Open Ciutat de Badalona 2016 - B"]
[Site "Badalona ESP"]
[Date "2016.08.08"]
[Round "7.2"]
[White "Delgado Camara, Lluis Felix"]
[Black "Colom Andres, Xavier"]
[Result "0-1"]
[WhiteElo "1792"]
[BlackElo "1790"]
[PlyCount "113"]
[EventDate "2016.08.02"]
[EventType "swiss"]
[EventRounds "9"]
[EventCountry "ESP"]
[SourceTitle "Ajedrez en Madrid"]
[Source "lmi"]
[SourceDate "2016.08.02"]
[SourceVersion "1"]
[SourceVersionDate "2018.07.18"]
[SourceQuality "1"]

1. e4 c6 2. d4 d5 3. f3 e6 4. Be3 Qb6 5. Nd2 c5 6. dxc5 Bxc5 7. Bxc5 Qxc5 8.
Nb3 Qe7 9. Qd4 Nf6 10. e5 Nfd7 11. f4 Nc6 12. Qd2 Nc5 13. Nxc5 Qxc5 14. Nf3 Bd7
15. c3 a5 16. Be2 a4 17. Rd1 b5 18. Nd4 Rb8 19. Nxc6 Bxc6 20. Qd4 Qe7 21. a3
O-O 22. O-O f6 23. Bg4 f5 24. Be2 Rfc8 25. Rd3 Kh8 26. Rh3 Rg8 27. Bd3 g6 28.
Rff3 Rg7 29. Rh6 Qa7 30. Be2 Qxd4+ 31. cxd4 b4 32. Rhh3 bxa3 33. bxa3 Rb2 34.
Ba6 Bb5 35. Bxb5 Rxb5 36. Rc3 Rgb7 37. Rhd3 Rb3 38. h4 Rxc3 39. Rxc3 Rb3 40.
Rc6 Rxa3 41. Rxe6 Rd3 42. Kf2 Kg7 43. Re7+ Kf8 44. Rxh7 Rxd4 45. g3 Rb4 46. h5
gxh5 47. Rxh5 Kg7 48. Rxf5 a3 49. Rh5 a2 50. Kf3 a1=Q 51. Kg4 Qd1+ 52. Kg5 Qf3
53. Kh4 Rb1 54. Rg5+ Kf7 55. Rf5+ Kg6 56. Rg5+ Kh6 57. Rh5+ 0-1